00526nam a2200145Ia 4500008004100000020001800041040002900059050002300088100002600111245005900137260003400196942000700230952012800237999001500365230104s9999||||xx |||||||||||||| ||und|| a0-21-492601-0 cChuka University Library aQH 485 bB56 1985  aMetz Charles B.93626 0aBiology of fertilisation Volume 2:Biology of the Sperm aAcademic PressbOrlandoc1985 cBK 00102lcc40708LGLaCHKbCHKcGENd2023-01-04l0oQH 485 .B56 1985 V.2p1347/2009r2023-01-04 00:00:00t2w2023-01-04yBK c5547d5547